000 00759nam a2200229 i 4500
001 135285
003 ES-MaACL
005 20230906194841.0
007 t|
008 070713s1911 fr ||||1| fre d
080 _a94(64)"18"
080 _a327(460:44)"18"
080 _a327(44:460)"18"
100 1 _aTorcy, Louis-Joseph-Gilles de.
_9110625
245 1 2 _aL'Espagne et la France au Maroc au début de 1911 /
_cGenéral de Torcy.
260 _aParis :
_bLibrairie Militaire Berger-Levarult,
_c1911.
300 _a35 p., [2] h. pleg. de map. ;
_c25 cm.
651 4 _aMarruecos-
_xHistoria-
_yS.XIX.
_9146673
651 4 _aEspaña-
_xRelaciones-
_zFrancia.
_9146674
651 4 _aFrancia-
_xRelaciones-
_zEspaña.
_9146675
852 _aES-MaACL
_jT-1329-F-10
999 _c135285
_d135285